UBT Library

The human nature of science; (Record no. 43206)

000 -LEADER
fixed length control field 00606cam a22002051 4500
001 - CONTROL NUMBER
control field 752961
005 - DATE AND TIME OF LATEST TRANSACTION
control field 20180222081834.0
008 - FIXED-LENGTH DATA ELEMENTS--GENERAL INFORMATION
fixed length control field 711013s1966 nyu b 000 0 eng
010 ## - LIBRARY OF CONGRESS CONTROL NUMBER
LC control number 66017695
040 ## - CATALOGING SOURCE
Original cataloging agency DLC
Transcribing agency DLC
Modifying agency DLC
041 ## - LANGUAGE CODE
Language code of text/sound track or separate title eng
080 ## - UNIVERSAL DECIMAL CLASSIFICATION NUMBER
Universal Decimal Classification number 616.8900724 PER
082 00 - DEWEY DECIMAL CLASSIFICATION NUMBER
Classification number 616.8900724 PER
100 1# - Rafti
Rafti 4
101 ## - Shkurtesa
Shkurtesa SHM
245 14 - TITLE STATEMENT
Title The human nature of science;
Statement of responsibility, etc [by] Stewart E. Perry. With a foreword by John P. Spiegel.
504 ## - BIBLIOGRAPHY, ETC. NOTE
Bibliography, etc Bibliography: p. 266-277.
906 ## - LOCAL DATA ELEMENT F, LDF (RLIN)
a 7
b cbc
c orignew
d u
e ocip
f 19
g y-gencatlg
942 ## - ADDED ENTRY ELEMENTS (KOHA)
Source of classification or shelving scheme
Item type Books
Holdings
Withdrawn status Lost status Source of classification or shelving scheme Damaged status Not for loan Collection code Permanent location Current location Shelving location Date acquired Total Checkouts Full call number Barcode Date last seen Price effective from Koha item type
          Koleksioni i përgjithshem UBT - Lipjan UBT - Lipjan Koleksioni i përgjithshem 02/22/2018   616.8900724 PER 002-2999742 02/22/2018 02/22/2018 Books
UBT Library © 2015-2024. All rights reserved University Education for Business and Technology